|
|
|
|
| LEADER |
00000nam2a2200000 4500 |
| 001 |
289145 |
| 005 |
20231102000147.0 |
| 035 |
|
|
|a (RuTPU)RU\TPU\book\313650
|
| 035 |
|
|
|a RU\TPU\book\313626
|
| 090 |
|
|
|a 289145
|
| 100 |
|
|
|a 20150331d1958 k y0rusy50 ca
|
| 101 |
0 |
|
|a rus
|
| 102 |
|
|
|a RU
|
| 105 |
|
|
|a a z 001zy
|
| 200 |
0 |
|
|a № 31 : Металлургия цветных металлов
|f отв. ред. А. И. Беляев , А. Н. Крестовников
|
| 210 |
|
|
|d 1958
|
| 215 |
|
|
|a 445 с.
|c ил.
|
| 320 |
|
|
|a Библиогр. в конце ст.
|
| 461 |
|
1 |
|0 (RuTPU)RU\TPU\book\198125
|t Сборник научных трудов
|f Московский институт цветных металлов и золота (МИЦМиЗ)
|v № 31 : Металлургия цветных металлов
|d 1938-
|
| 606 |
1 |
|
|a Металлургические процессы (Цветная металлургия)
|x Теория
|2 stltpush
|3 (RuTPU)RU\TPU\subj\42938
|9 62545
|
| 610 |
1 |
|
|a алюминий
|
| 610 |
1 |
|
|a производство
|
| 610 |
1 |
|
|a экономика
|
| 610 |
1 |
|
|a перспективы
|
| 610 |
1 |
|
|a глиноземы
|
| 610 |
1 |
|
|a интенсификация
|
| 610 |
1 |
|
|a бокситы
|
| 610 |
1 |
|
|a выщелачивание
|
| 610 |
1 |
|
|a электролиз
|
| 610 |
1 |
|
|a селективное разделение
|
| 610 |
1 |
|
|a сульфидные минералы
|
| 610 |
1 |
|
|a флотация
|
| 610 |
1 |
|
|a пирохлор
|
| 675 |
|
|
|a 669.2.05
|v 4
|
| 702 |
|
1 |
|a Беляев
|b А. И.
|4 340
|
| 702 |
|
1 |
|a Крестовников
|b А. Н.
|4 340
|
| 801 |
|
1 |
|a RU
|b 63413507
|c 20150331
|
| 801 |
|
2 |
|a RU
|b 63413507
|c 20170213
|g RCR
|
| 942 |
|
|
|c BK
|